000 00576nam a22002057a 4500
005 20211215095253.0
008 211215b ||||| |||| 00| 0 eng d
020 _a402125614
040 _cAL
041 _aeng
082 _223
_a616.12
_bSTEY
100 _aPeter J Steincrohn
_911645
245 _aYour heart is stronger than you think
260 _aNew York
_bCowles Book Company INC
_c1970
300 _axvii,238 p.
_bHB
_c21x14 cm.
365 _c$
_d$5.95
650 _aHeart-Diseases-Prevention.
_911646
700 _aSTENINCROHN (Peter J)
_911647
942 _2ddc
_cGF
999 _c220945
_d220945